| 000 | 00783cam a2200217 4500 | ||
|---|---|---|---|
| 001 | ABS65532 | ||
| 008 | 020521n2002 000 0 eng u | ||
| 035 | _a(Sirsi) u118059 | ||
| 100 | _aHunt, M | ||
| 245 | _aDublin offices-controlled growth is the order of the day | ||
| 260 | _c2002 | ||
| 490 |
_aProperty Forecast _v5(5) May 2002, 6-7(2) |
||
| 520 | _aDublin is still expected to be the fastest growing city in Europe in 2002 and 2003. Surveys the commercial porperty market in Dublin and provides a succinct forecast. Figures. | ||
| 590 | _aABS | ||
| 650 | _aDUBLIN | ||
| 650 | _aPROPERTY-COMMERCIAL PROPERTY-OFFICE PROPERTY-OFFICE PROPERTY MARKET | ||
| 650 | _aPRIME RENTS | ||
| 650 | _aPROPERTY-COMMERCIAL PROPERTY | ||
| 690 | _aINTERNATIONAL-EUROPE | ||
| 942 | _n0 | ||
| 999 |
_c70300 _d70300 |
||